[Event "Titled Tuesday intern op 13th Feb Early"]
[Site "Chess.com INT"]
[Date "2024.02.13"]
[Round "3"]
[White "Bykov, Egor"]
[Black "Rustemov, Alexander"]
[Result "0-1"]
[WhiteElo "2424"]
[BlackElo "2525"]
[PlyCount "54"]
[EventDate "2024.02.13"]
[EventType "swiss (blitz)"]
[EventRounds "11"]
[EventCountry "USA"]
[SourceTitle "CB08_2024"]
[SourceDate "2024.02.21"]
[SourceVersion "1"]
[SourceVersionDate "2024.02.21"]
[SourceQuality "1"]

1. e4 e6 2. d4 d5 3. Nc3 dxe4 4. Nxe4 Bd7 5. Nf3 Bc6 6. Bd3 Nd7 7. c4 Ngf6 8. Nc3 Bxf3 9. Qxf3 c5 10. Qxb7 cxd4 11. Nb5 Bb4+ 12. Ke2 0-0 13. Nxd4 Nc5 14. Qxb4 Qxd4 15. Rd1 Qg4+ 16. Ke1 Nxd3+ 17. Rxd3 Qe4+ 18. Re3 Qxg2 19. Ke2 Rfd8 20. h3 Ne4 21. Rf3 Rd1 22. Qb7 Qf1+ 23. Ke3 Re1+ 24. Kf4 e5+ 25. Kg4 Qg2+ 26. Rg3 Nf6+ 27. Kf5 Qxb7 0-1

[Event "Moscow op-A 19th"]
[Site "Moscow"]
[Date "2023.07.21"]
[Round "6"]
[White "Bykov, Egor"]
[Black "Skatchkov, Valery"]
[Result "0-1"]
[WhiteElo "2425"]
[BlackElo "2215"]
[PlyCount "96"]
[EventDate "2023.07.17"]
[EventType "swiss"]
[EventRounds "9"]
[EventCountry "RUS"]
[SourceTitle "CBM 215 Extra"]
[Source "ChessBase"]
[SourceDate "2023.09.30"]
[SourceVersion "1"]
[SourceVersionDate "2023.09.30"]
[SourceQuality "1"]

1. e4 e5 2. Nf3 Nf6 3. d4 Nxe4 4. Bd3 Nc6 5. Nxe5 Nxe5 6. dxe5 Nc5 7. Bc4 d6 8. Qf3 Ne6 9. exd6 Bxd6 10. Be3 Qe7 11. Nd2 Nd4 12. Qxf7+ Qxf7 13. Bxf7+ Kxf7 14. Bxd4 Re8+ 15. Be3 Be6 16. 0-0 Kg8 17. Rfe1 a5 18. c3 a4 19. a3 Ra5 20. Bd4 Bf8 21. Re3 c5 22. Be5 b5 23. Rae1 Bf7 24. Bf4 Rxe3 25. Rxe3 b4 26. Rd3 Ra8 27. c4 g5 28. Be3 Bg7 29. Bxc5 b3 30. Bb4 Bxb2 31. Nxb3 axb3 32. Rxb3 Rd8 33. g4 Rd1+ 34. Kg2 Bd4 35. Bc3 Bxc4 36. Rb8+ Kf7 37. Bxd4 Rxd4 38. Rb7+ Kf6 39. Rxh7 Bd5+ 40. f3 Rxg4+ 41. Kf2 Rf4 42. Kg3 Rxf3+ 43. Kg4 Rf4+ 44. Kg3 Kf5 45. Rd7 Rf3+ 46. Kg2 Be4 47. Rf7+ Kg4 48. Re7 Ba8 0-1

[Event "Moscow op-A 19th"]
[Site "Moscow"]
[Date "2023.07.20"]
[Round "5"]
[White "Makarian, Rudik"]
[Black "Bykov, Egor"]
[Result "1-0"]
[WhiteElo "2541"]
[BlackElo "2425"]
[PlyCount "77"]
[EventDate "2023.07.17"]
[EventType "swiss"]
[EventRounds "9"]
[EventCountry "RUS"]
[SourceTitle "CBM 215 Extra"]
[Source "ChessBase"]
[SourceDate "2023.09.30"]
[SourceVersion "1"]
[SourceVersionDate "2023.09.30"]
[SourceQuality "1"]

1. d4 Nf6 2. c4 e6 3. Nf3 d5 4. g3 dxc4 5. Bg2 Bb4+ 6. Bd2 a5 7. Qc2 Bxd2+ 8. Qxd2 c6 9. a4 Ne4 10. Qc1 Nd6 11. Ne5 Qb6 12. e3 f6 13. Nxc4 Nxc4 14. Qxc4 Qxb2 15. 0-0 Qxa1 16. Qb3 0-0 17. Na3 Qxf1+ 18. Kxf1 Ra6 19. Nc4 b5 20. Nd6 Bd7 21. Bh3 Kh8 22. Bxe6 Bxe6 23. Qxe6 Ra7 24. axb5 cxb5 25. Nxb5 Rb7 26. Qd5 Rb6 27. Nd6 g6 28. Nc4 Rb1+ 29. Kg2 a4 30. Qa5 Nd7 31. Qxa4 Rf7 32. Qc6 Kg7 33. Nd6 Re7 34. Ne8+ Kf7 35. Nc7 Kg7 36. Qd6 Rf7 37. Ne6+ Kg8 38. Nd8 Rg7 39. Qd5+ 1-0

[Event "Titled Tuesday intern op 04th Oct Late"]
[Site "Chess.com INT"]
[Date "2022.10.04"]
[Round "4"]
[White "Bilan, Danila"]
[Black "Bykov, Egor"]
[Result "1-0"]
[WhiteElo "2303"]
[BlackElo "2427"]
[PlyCount "93"]
[EventDate "2022.10.04"]
[EventType "swiss (blitz)"]
[EventRounds "11"]
[EventCountry "USA"]
[SourceTitle "EXT 2023"]
[Source "ChessBase"]
[SourceDate "2022.10.05"]
[SourceVersion "1"]
[SourceVersionDate "2022.10.05"]
[SourceQuality "1"]

1. d4 Nf6 2. Nf3 e6 3. g3 b5 4. Bg2 Bb7 5. 0-0 c5 6. c3 Be7 7. Bf4 cxd4 8. cxd4 0-0 9. Nc3 a6 10. Rc1 d6 11. a3 Nd5 12. Qd3 f5 13. Nxd5 Bxd5 14. Nd2 Bxg2 15. Kxg2 g5 16. Qf3 Nd7 17. Be3 Nb6 18. Nb1 g4 19. Qc6 Rf7 20. Bd2 Bf6 21. Ba5 Bxd4 22. Rfd1 e5 23. Rxd4 exd4 24. Bxb6 Qe8 25. Bxd4 Rb8 26. e3 Qe6 27. Nd2 Re8 28. a4 bxa4 29. Qxa6 Qd5+ 30. Kg1 Rb7 31. Qxa4 Rbe7 32. Qc4 Qxc4 33. Nxc4 Rd7 34. b4 Rb8 35. Rb1 Rdb7 36. Nxd6 Rxb4 37. Rxb4 Rxb4 38. Nxf5 h5 39. Kg2 Kf7 40. Nd6+ Ke6 41. Ne8 Kf5 42. Ng7+ Kg6 43. Ne6 Rb1 44. Nf4+ Kg5 45. h3 h4 46. gxh4+ Kxh4 47. Bf6# 1-0

[Event "Titled Tuesday intern op 04th Oct Early"]
[Site "Chess.com INT"]
[Date "2022.10.04"]
[Round "3"]
[White "Bykov, Egor"]
[Black "Ivic, Velimir"]
[Result "0-1"]
[WhiteElo "2427"]
[BlackElo "2553"]
[PlyCount "118"]
[EventDate "2022.10.04"]
[EventType "swiss (blitz)"]
[EventRounds "11"]
[EventCountry "USA"]
[SourceTitle "EXT 2023"]
[Source "ChessBase"]
[SourceDate "2022.10.05"]
[SourceVersion "1"]
[SourceVersionDate "2022.10.05"]
[SourceQuality "1"]

1. e4 c5 2. Nf3 e6 3. d4 cxd4 4. Nxd4 Nf6 5. Nc3 Nc6 6. Ndb5 d6 7. Bf4 e5 8. Bg5 a6 9. Na3 b5 10. Bxf6 gxf6 11. Nd5 f5 12. exf5 Bxf5 13. Bd3 Bxd3 14. Qxd3 Bg7 15. 0-0-0 0-0 16. Ne3 Nd4 17. c3 Rc8 18. Kb1 b4 19. cxd4 bxa3 20. Nf5 axb2 21. Nxg7 Kxg7 22. dxe5 Qg5 23. Qxd6 Qf5+ 24. Rd3 Kg8 25. Kxb2 Qxf2+ 26. Ka1 f6 27. Rg3+ Kh8 28. exf6 Rxf6 29. Qd7 Rg8 30. Rxg8+ Kxg8 31. Rc1 Rf7 32. Qg4+ Kh8 33. Rc8+ Rf8 34. Rxf8+ Qxf8 35. Qd4+ Kg8 36. Qd5+ Kh8 37. Qe5+ Kg8 38. Qd5+ Kh8 39. Qd4+ Kg8 40. Kb2 Qb8+ 41. Kc3 Qxh2 42. Qd8+ Kg7 43. Qd7+ Kg6 44. Qg4+ Kf6 45. Kb4 h5 46. Qf3+ Kg5 47. Ka5 Qe5+ 48. Kxa6 Qe6+ 49. Kb5 Qxa2 50. Kc5 Qd2 51. Kc4 h4 52. Qe4 Qd6 53. Qe8 Kg4 54. Qg8+ Kf4 55. Qf7+ Kg3 56. Qg7+ Kh2 57. Kc3 Qg3+ 58. Qxg3+ Kxg3 59. Kd3 Kxg2 0-1

[Event "Titled Tuesday intern op 04th Oct Late"]
[Site "Chess.com INT"]
[Date "2022.10.04"]
[Round "6"]
[White "Ilkhomi, Jaloliddin"]
[Black "Bykov, Egor"]
[Result "1-0"]
[WhiteElo "2145"]
[BlackElo "2427"]
[PlyCount "69"]
[EventDate "2022.10.04"]
[EventType "swiss (blitz)"]
[EventRounds "11"]
[EventCountry "USA"]
[SourceTitle "EXT 2023"]
[Source "ChessBase"]
[SourceDate "2022.10.05"]
[SourceVersion "1"]
[SourceVersionDate "2022.10.05"]
[SourceQuality "1"]

1. d4 Nf6 2. Nf3 g6 3. Bg5 Bg7 4. c3 d6 5. Nbd2 0-0 6. e4 c5 7. dxc5 dxc5 8. Bc4 Qc7 9. 0-0 Nc6 10. Qe2 h6 11. Bh4 Nh5 12. Qe3 a6 13. a4 g5 14. Bg3 Nxg3 15. hxg3 Rb8 16. Qxc5 b6 17. Qe3 Rd8 18. Rfd1 Na5 19. Ba2 Bd7 20. b4 Nc6 21. Bb3 Bg4 22. Rac1 Ne5 23. Nxe5 Bxd1 24. Bxf7+ Kf8 25. Rxd1 Qxe5 26. Ba2 Qxc3 27. Qe2 Rd3 28. Qh5 Qf6 29. e5 Qf5 30. g4 Qf4 31. g3 Rxg3+ 32. fxg3 Qxg3+ 33. Kh1 e6 34. Bxe6 Qf2 35. Rf1 1-0

[Event "Titled Tuesday intern op 04th Oct Early"]
[Site "Chess.com INT"]
[Date "2022.10.04"]
[Round "2"]
[White "Sernecki, Franciszek"]
[Black "Bykov, Egor"]
[Result "0-1"]
[WhiteElo "2309"]
[BlackElo "2427"]
[PlyCount "78"]
[EventDate "2022.10.04"]
[EventType "swiss (blitz)"]
[EventRounds "11"]
[EventCountry "USA"]
[SourceTitle "EXT 2023"]
[Source "ChessBase"]
[SourceDate "2022.10.05"]
[SourceVersion "1"]
[SourceVersionDate "2022.10.05"]
[SourceQuality "1"]

1. c4 Nf6 2. Nc3 g6 3. e4 d6 4. g3 Bg7 5. Bg2 0-0 6. Nge2 e5 7. 0-0 Nc6 8. d3 Nh5 9. f4 exf4 10. Nxf4 Nxf4 11. Bxf4 Nd4 12. Qd2 Be6 13. Rae1 Qd7 14. Ne2 Rae8 15. Bh6 Nxe2+ 16. Rxe2 c5 17. Bxg7 Kxg7 18. Qc3+ f6 19. d4 Bh3 20. e5 Bxg2 21. Kxg2 fxe5 22. dxe5 Qc6+ 23. Kg1 Rxf1+ 24. Kxf1 Qh1+ 25. Kf2 Rf8+ 26. Ke3 Rf3+ 27. Kd2 Rxc3 28. bxc3 dxe5 29. Rxe5 Qxh2+ 30. Kd1 Qxg3 31. Re7+ Kh6 32. Kc2 Qg2+ 33. Kb3 Qc6 34. Re5 g5 35. a4 g4 36. a5 g3 37. Kc2 g2 38. Re1 Qg6+ 39. Kb3 g1Q 0-1

[Event "Titled Tuesday intern op 04th Oct Late"]
[Site "Chess.com INT"]
[Date "2022.10.04"]
[Round "1"]
[White "Yeritsyan, Hayk"]
[Black "Bykov, Egor"]
[Result "0-1"]
[WhiteElo "2228"]
[BlackElo "2427"]
[PlyCount "20"]
[EventDate "2022.10.04"]
[EventType "swiss (blitz)"]
[EventRounds "11"]
[EventCountry "USA"]
[SourceTitle "EXT 2023"]
[Source "ChessBase"]
[SourceDate "2022.10.05"]
[SourceVersion "1"]
[SourceVersionDate "2022.10.05"]
[SourceQuality "1"]

1. d4 Nf6 2. Nf3 g6 3. Bf4 Bg7 4. h3 0-0 5. e3 d6 6. c3 b6 7. Be2 Bb7 8. 0-0 Re8 9. Na3 Nc6 10. Be5 dxe5 0-1

[Event "Titled Tuesday intern op 27th Sep Late"]
[Site "Chess.com INT"]
[Date "2022.09.27"]
[Round "8"]
[White "Bykov, Egor"]
[Black "Bartel, Mateusz"]
[Result "0-1"]
[WhiteElo "2432"]
[BlackElo "2617"]
[PlyCount "66"]
[EventDate "2022.09.27"]
[EventType "swiss (blitz)"]
[EventRounds "11"]
[EventCountry "USA"]
[SourceTitle "CBM 210 Extra"]
[Source "ChessBase"]
[SourceDate "2022.11.30"]
[SourceVersion "1"]
[SourceVersionDate "2022.11.30"]
[SourceQuality "1"]

1. d4 Nf6 2. c4 g6 3. Nc3 Bg7 4. e4 0-0 5. Nf3 d6 6. Be2 e5 7. 0-0 Bg4 8. dxe5 Bxf3 9. exf6 Bxe2 10. Qxe2 Qxf6 11. Nd5 Qd8 12. f4 c6 13. Nc3 Nd7 14. Be3 Qe7 15. Qf3 Rae8 16. e5 dxe5 17. f5 e4 18. Qh3 Bxc3 19. bxc3 f6 20. Rad1 Ne5 21. Bxa7 Nxc4 22. fxg6 Ne5 23. Bc5 Qxc5+ 24. Kh1 hxg6 25. Rf4 f5 26. Rh4 Nf7 27. Qg3 Kg7 28. Rf1 Qe5 29. Qe3 Rh8 30. Rhf4 g5 31. Qg3 e3 32. Rxf5 Qxg3 33. Rxf7+ Kg8 0-1

[Event "Titled Tuesday intern op 27th Sep Late"]
[Site "Chess.com INT"]
[Date "2022.09.27"]
[Round "3"]
[White "Bykov, Egor"]
[Black "Nogerbek, Kazybek"]
[Result "0-1"]
[WhiteElo "2432"]
[BlackElo "2457"]
[PlyCount "80"]
[EventDate "2022.09.27"]
[EventType "swiss (blitz)"]
[EventRounds "11"]
[EventCountry "USA"]
[SourceTitle "CBM 210 Extra"]
[Source "ChessBase"]
[SourceDate "2022.11.30"]
[SourceVersion "1"]
[SourceVersionDate "2022.11.30"]
[SourceQuality "1"]

1. d4 Nf6 2. c4 g6 3. Nc3 Bg7 4. e4 d6 5. Nf3 0-0 6. Be2 Bg4 7. Be3 Nfd7 8. Rc1 Nc6 9. d5 Bxf3 10. gxf3 Nb4 11. a3 Na6 12. h4 h5 13. f4 c6 14. f5 cxd5 15. cxd5 Nac5 16. Rg1 Nf6 17. fxg6 Qe8 18. Bxh5 Nxh5 19. Bxc5 fxg6 20. Be3 Qf7 21. Qg4 Kh7 22. Nd1 Nf6 23. Qg2 Rac8 24. Rc3 Nh5 25. Qg4 Bxc3+ 26. Nxc3 Rc4 27. Qg5 Qg7 28. Kd2 b5 29. f4 b4 30. axb4 Rxb4 31. Nd1 Nf6 32. Ke1 Nxe4 33. Qg4 Rf5 34. Qf3 Nf6 35. Qe2 Nxd5 36. Bd2 Nxf4 37. Qf3 Re4+ 38. Qxe4 Re5 39. Nc3 Rxe4+ 40. Nxe4 Qe5 0-1

[Event "Titled Tuesday intern op 21st Dec"]
[Site "Chess.com INT"]
[Date "2021.12.21"]
[Round "1"]
[White "Marcziter, Dmitrii"]
[Black "Bykov, Egor"]
[Result "1/2-1/2"]
[WhiteElo "2264"]
[BlackElo "2416"]
[PlyCount "103"]
[EventDate "2021.12.21"]
[EventType "swiss (blitz)"]
[EventRounds "11"]
[EventCountry "USA"]
[SourceTitle "CBM 205 Extra"]
[Source "ChessBase"]
[SourceDate "2022.01.31"]
[SourceVersion "1"]
[SourceVersionDate "2022.01.31"]
[SourceQuality "1"]

1. e4 e5 2. Nf3 Nc6 3. Bc4 Bc5 4. c3 Nf6 5. d4 exd4 6. cxd4 Bb4+ 7. Nc3 Nxe4 8. 0-0 Bxc3 9. d5 Ne5 10. bxc3 Nxc4 11. Qd4 0-0 12. Qxe4 Nd6 13. Qd3 Qf6 14. Ba3 b6 15. Rfe1 Bb7 16. c4 Rfe8 17. h3 h6 18. Rab1 Ba6 19. Nd2 Rxe1+ 20. Rxe1 Re8 21. Rxe8+ Nxe8 22. Qe2 Nd6 23. Bxd6 cxd6 24. Qe8+ Kh7 25. Qxd7 Qa1+ 26. Kh2 Qe5+ 27. g3 Qd4 28. Qf5+ Kg8 29. Ne4 g6 30. Qf4 Qxc4 31. Nf6+ Kg7 32. Qxd6 Qe2 33. Qf4 g5 34. Qf5 Bd3 35. Nh5+ Kg8 36. Nf6+ Kf8 37. Qc8+ Ke7 38. Ng8+ Kd6 39. Qd8+ Kc5 40. Qc7+ Kb5 41. Qd7+ Ka6 42. Qa4+ Kb7 43. Qc6+ Ka6 44. Qa4+ Kb7 45. Qc6+ Kb8 46. Qf6 Be4 47. Qd6+ Kb7 48. Qc6+ Ka6 49. Qa4+ Kb7 50. Qc6+ Kb8 51. Qd6+ Kb7 52. Qc6+ 1/2-1/2

[Event "Titled Tuesday intern op 07th Dec"]
[Site "Chess.com INT"]
[Date "2021.12.07"]
[Round "2"]
[White "Pranav, V."]
[Black "Bykov, Egor"]
[Result "1-0"]
[WhiteElo "2486"]
[BlackElo "2416"]
[PlyCount "67"]
[EventDate "2021.12.07"]
[EventType "swiss (blitz)"]
[EventRounds "11"]
[EventCountry "USA"]
[SourceTitle "CBM 205 Extra"]
[Source "ChessBase"]
[SourceDate "2022.01.31"]
[SourceVersion "1"]
[SourceVersionDate "2022.01.31"]
[SourceQuality "1"]

1. e4 Nf6 2. e5 Nd5 3. d4 d6 4. c4 Nb6 5. f4 dxe5 6. fxe5 Bf5 7. Nc3 e6 8. Be3 Nc6 9. Nf3 Be7 10. Be2 0-0 11. 0-0 f6 12. exf6 Bxf6 13. Qd2 Qe7 14. Rad1 Rad8 15. b3 Nb4 16. Qc1 a5 17. Bf2 a4 18. a3 Nc2 19. b4 g5 20. Ne5 Nxd4 21. Bxd4 Rxd4 22. Rxd4 Bxe5 23. Rdd1 Qg7 24. Nb5 Qh6 25. g3 Be4 26. Qe3 Rxf1+ 27. Rxf1 Qg6 28. Bf3 Bxf3 29. Qxf3 Nd7 30. Qxb7 Qd3 31. Qf3 Qxf3 32. Rxf3 Nb6 33. Re3 Nxc4 34. Re4 1-0

[Event "Titled Tuesday intern op 23rd Nov"]
[Site "Chess.com INT"]
[Date "2021.11.23"]
[Round "2"]
[White "Demchenko, Anton"]
[Black "Bykov, Egor"]
[Result "1-0"]
[WhiteElo "2655"]
[BlackElo "2416"]
[PlyCount "63"]
[EventDate "2021.11.23"]
[EventType "swiss (blitz)"]
[EventRounds "11"]
[EventCountry "USA"]
[SourceTitle "CBM 205 Extra"]
[Source "ChessBase"]
[SourceDate "2022.01.31"]
[SourceVersion "1"]
[SourceVersionDate "2022.01.31"]
[SourceQuality "1"]

1. e4 e5 2. Nf3 Nc6 3. Bc4 Bc5 4. d3 Nf6 5. Nc3 0-0 6. h3 Re8 7. a3 Nd4 8. 0-0 c6 9. Bg5 h6 10. Bh4 d6 11. Nxd4 Bxd4 12. Kh1 Be6 13. Bxe6 Rxe6 14. Ne2 Bxb2 15. Ra2 Bd4 16. f4 g5 17. Nxd4 exd4 18. Bg3 Qe7 19. Qf3 Nd7 20. Rb2 b6 21. Bf2 Rf6 22. g3 gxf4 23. gxf4 Ne5 24. Qe2 Rxf4 25. Bxd4 Rxf1+ 26. Qxf1 Qg5 27. c3 Kh7 28. Bxe5 Qxe5 29. Qxf7+ Kh8 30. Rg2 Re8 31. Qg6 Qe6 32. Qg7# 1-0

[Event "Titled Tuesday intern op 09th Nov"]
[Site "Chess.com INT"]
[Date "2021.11.09"]
[Round "2"]
[White "Bortnyk, Mykola"]
[Black "Bykov, Egor"]
[Result "1-0"]
[WhiteElo "2473"]
[BlackElo "2416"]
[PlyCount "69"]
[EventDate "2021.11.09"]
[EventType "swiss (blitz)"]
[EventRounds "11"]
[EventCountry "USA"]
[SourceTitle "CBM 205 Extra"]
[Source "ChessBase"]
[SourceDate "2022.01.31"]
[SourceVersion "1"]
[SourceVersionDate "2022.01.31"]
[SourceQuality "1"]

1. e4 e5 2. Nf3 Nc6 3. Bc4 Bc5 4. b4 Bxb4 5. c3 Ba5 6. d4 exd4 7. 0-0 Nge7 8. cxd4 d5 9. exd5 Nxd5 10. Ba3 Be6 11. Nbd2 Nce7 12. Ng5 0-0 13. Nxe6 fxe6 14. Nf3 Rf6 15. Qb3 Rb8 16. Bxe7 Nxe7 17. Bxe6+ Kh8 18. Ne5 Qxd4 19. Nf7+ Rxf7 20. Bxf7 Bb6 21. Rad1 Qf6 22. Qe6 Qxe6 23. Bxe6 c5 24. Rd7 Ng6 25. Bd5 Ne5 26. Re7 Nd3 27. Be4 Nf4 28. g3 Ne2+ 29. Kg2 Nc3 30. Bxb7 Nxa2 31. Rfe1 g6 32. Rd1 Ba5 33. Rdd7 Bc3 34. Rxh7+ Kg8 35. Bd5+ 1-0

[Event "Titled Tuesday intern op 05th Oct"]
[Site "Chess.com INT"]
[Date "2021.10.05"]
[Round "5"]
[White "Bykov, Egor"]
[Black "Mickiewicz, Piotr"]
[Result "1-0"]
[WhiteElo "2416"]
[BlackElo "2331"]
[PlyCount "73"]
[EventDate "2021.10.05"]
[EventType "swiss (blitz)"]
[EventRounds "11"]
[EventCountry "USA"]
[SourceTitle "CBM 204 Extra"]
[Source "ChessBase"]
[SourceDate "2021.11.30"]
[SourceVersion "1"]
[SourceVersionDate "2021.11.30"]
[SourceQuality "1"]

1. Nf3 Nf6 2. d4 g6 3. c4 Bg7 4. Nc3 0-0 5. e4 d6 6. Be2 c5 7. d5 e6 8. 0-0 exd5 9. exd5 Bg4 10. Bf4 Re8 11. Re1 Ne4 12. Qb3 Nxc3 13. bxc3 Qc7 14. h3 Bxf3 15. Bxf3 Nd7 16. Be2 Re4 17. Be3 Rae8 18. Bd3 R4e7 19. Bd2 Ne5 20. Bf1 h6 21. Qa4 a6 22. Rab1 Kf8 23. Qb3 g5 24. Qc2 Qa5 25. h4 gxh4 26. Qh7 Ng4 27. Rxe7 Rxe7 28. Bf4 Qxa2 29. Bxd6 Qxf2+ 30. Kh1 Be5 31. Bxe7+ Kxe7 32. Rxb7+ Kd6 33. Qb1 Bxc3 34. Qb6+ Ke5 35. Re7+ Kd4 36. Qb1 Qf4 37. Qd3# 1-0